<?xml version="1.0" encoding="UTF-8"?>
<record
    xmlns:xsi="http://www.w3.org/2001/XMLSchema-instance"
    xsi:schemaLocation="http://www.loc.gov/MARC21/slim http://www.loc.gov/standards/marcxml/schema/MARC21slim.xsd"
    xmlns="http://www.loc.gov/MARC21/slim">

  <leader>01326cam a2200397   4500</leader>
  <datafield tag="999" ind1=" " ind2=" ">
    <subfield code="c">24138</subfield>
    <subfield code="d">24138</subfield>
  </datafield>
  <controlfield tag="001">vtls012072137</controlfield>
  <controlfield tag="005">20260218100259.0</controlfield>
  <controlfield tag="008">211007s2021    xo     gr     010 f slo  </controlfield>
  <datafield tag="020" ind1=" " ind2=" ">
    <subfield code="a">9788022212342</subfield>
    <subfield code="q">(viazan&#xE9;)</subfield>
  </datafield>
  <datafield tag="040" ind1=" " ind2=" ">
    <subfield code="a">GAGK</subfield>
    <subfield code="b">slo</subfield>
    <subfield code="c">GAGK</subfield>
    <subfield code="d">SNK</subfield>
    <subfield code="e">rda</subfield>
  </datafield>
  <datafield tag="041" ind1="1" ind2=" ">
    <subfield code="a">slo</subfield>
    <subfield code="h">eng</subfield>
  </datafield>
  <datafield tag="044" ind1=" " ind2=" ">
    <subfield code="a">xo</subfield>
    <subfield code="c">SK</subfield>
  </datafield>
  <datafield tag="072" ind1=" " ind2="7">
    <subfield code="a">821.111(73)-3</subfield>
    <subfield code="x">Americk&#xE1; pr&#xF3;za</subfield>
    <subfield code="2">konspekt</subfield>
  </datafield>
  <datafield tag="080" ind1=" " ind2=" ">
    <subfield code="a">821.111(73)-31</subfield>
    <subfield code="2">2011</subfield>
  </datafield>
  <datafield tag="080" ind1=" " ind2=" ">
    <subfield code="a">(0:82-311.6)</subfield>
    <subfield code="2">2011</subfield>
  </datafield>
  <datafield tag="080" ind1=" " ind2=" ">
    <subfield code="a">316.3(0:82-31)</subfield>
    <subfield code="2">2011</subfield>
  </datafield>
  <datafield tag="100" ind1="1" ind2=" ">
    <subfield code="a">Fox, Lauren</subfield>
    <subfield code="4">aut</subfield>
    <subfield code="9">5410</subfield>
  </datafield>
  <datafield tag="240" ind1="1" ind2="0">
    <subfield code="a">Send for Me</subfield>
    <subfield code="l">Slovensky</subfield>
  </datafield>
  <datafield tag="245" ind1="1" ind2="0">
    <subfield code="a">Po&#x161;li po m&#x148;a</subfield>
    <subfield code="c">Lauren Foxov&#xE1; ; z anglick&#xE9;ho origin&#xE1;lu ... prelo&#x17E;ila Zuzana G&#xE1;likov&#xE1;</subfield>
  </datafield>
  <datafield tag="250" ind1=" " ind2=" ">
    <subfield code="a">Vydanie I.</subfield>
  </datafield>
  <datafield tag="264" ind1=" " ind2="1">
    <subfield code="a">Bratislava</subfield>
    <subfield code="b">Tatran</subfield>
    <subfield code="c">2021</subfield>
  </datafield>
  <datafield tag="300" ind1=" " ind2=" ">
    <subfield code="a">239 str&#xE1;n</subfield>
    <subfield code="c">22 cm</subfield>
  </datafield>
  <datafield tag="336" ind1=" " ind2=" ">
    <subfield code="a">text</subfield>
    <subfield code="b">txt</subfield>
    <subfield code="2">rdacontent</subfield>
  </datafield>
  <datafield tag="337" ind1=" " ind2=" ">
    <subfield code="a">bez m&#xE9;dia</subfield>
    <subfield code="b">n</subfield>
    <subfield code="2">rdamedia</subfield>
  </datafield>
  <datafield tag="338" ind1=" " ind2=" ">
    <subfield code="a">zv&#xE4;zok</subfield>
    <subfield code="b">nc</subfield>
    <subfield code="2">rdacarrier</subfield>
  </datafield>
  <datafield tag="500" ind1=" " ind2=" ">
    <subfield code="a">Obsahuje biografick&#xE9; &#xFA;daje o autorke na z&#xE1;lo&#x17E;ke prebalu publik&#xE1;cie</subfield>
  </datafield>
  <datafield tag="655" ind1=" " ind2="7">
    <subfield code="a">americk&#xE9; rom&#xE1;ny</subfield>
    <subfield code="2">SNKPH</subfield>
    <subfield code="9">2</subfield>
  </datafield>
  <datafield tag="655" ind1=" " ind2="7">
    <subfield code="a">American novels</subfield>
    <subfield code="2">SNKPHeng</subfield>
    <subfield code="9">1670</subfield>
  </datafield>
  <datafield tag="655" ind1=" " ind2="7">
    <subfield code="a">historick&#xE9; rom&#xE1;ny</subfield>
    <subfield code="2">SNKPH</subfield>
    <subfield code="9">1688</subfield>
  </datafield>
  <datafield tag="655" ind1=" " ind2="7">
    <subfield code="a">Historical novels</subfield>
    <subfield code="2">SNKPHeng</subfield>
    <subfield code="9">1689</subfield>
  </datafield>
  <datafield tag="655" ind1=" " ind2="7">
    <subfield code="a">spolo&#x10D;ensk&#xE9; rom&#xE1;ny</subfield>
    <subfield code="2">SNKPH</subfield>
    <subfield code="9">12</subfield>
  </datafield>
  <datafield tag="655" ind1=" " ind2="7">
    <subfield code="a">Society novels</subfield>
    <subfield code="2">SNKPHeng</subfield>
    <subfield code="9">3645</subfield>
  </datafield>
  <datafield tag="700" ind1="1" ind2=" ">
    <subfield code="a">G&#xE1;likov&#xE1;, Zuzana</subfield>
    <subfield code="4">trl</subfield>
    <subfield code="9">5411</subfield>
  </datafield>
  <datafield tag="958" ind1=" " ind2=" ">
    <subfield code="a">LX</subfield>
  </datafield>
  <datafield tag="958" ind1=" " ind2=" ">
    <subfield code="a">UP</subfield>
  </datafield>
  <datafield tag="952" ind1=" " ind2=" ">
    <subfield code="0">0</subfield>
    <subfield code="1">0</subfield>
    <subfield code="2">udc</subfield>
    <subfield code="4">0</subfield>
    <subfield code="7">0</subfield>
    <subfield code="8">K</subfield>
    <subfield code="a">10000</subfield>
    <subfield code="b">10000</subfield>
    <subfield code="d">2026-02-18</subfield>
    <subfield code="g">2.90</subfield>
    <subfield code="i">22510</subfield>
    <subfield code="o">B11026</subfield>
    <subfield code="p">B11026</subfield>
    <subfield code="r">2026-02-18</subfield>
    <subfield code="w">2026-02-18</subfield>
    <subfield code="y">KLDO</subfield>
  </datafield>
</record>
